000 01444nab a22002417a 4500
999 _c5704
_d5704
003 OSt
005 20251231143718.0
008 190605e xxu||||| |||| 00| 0 spa d
040 _cPJ
100 _95273
_aFaliero, Johanna Caterina
245 1 3 _aLa (des)protección de los datos de los trabajadores y su expectativa de privacidad en los entornos laborales: el perfilamiento de los trabajadores y las leyes que miran hacia otro lado /
_cJohanna C. Faliero.
260 _aCiudad Autónoma de Buenos Aires :
_bThomson Reuters La Ley,
_c2023.
300 _ap. 41-57
500 _aCita: TR LALEY AR/DOC/255/2023.
505 _aSumario: I. Introducción a las necesidades protectorias en materia de datos personales de los trabajadores.— II. La protección de los datos de los trabajadores.— III. La protección de la expectativa de privacidad en los entornos laborales.— IV. El perfilamiento de los trabajadores y las regulaciones hiposuficientes que los desprotegen.— V. Reflexiones y observaciones finales.
505 _t¿Te interesa el texto completo? Solicitalo al correo: koha@justierradelfuego.gov.ar
650 0 _91316
_aDERECHO LABORAL
650 0 _91323
_aCONTRATO DE TRABAJO
650 0 _91570
_aDERECHOS DEL TRABAJADOR
650 0 _95233
_aPANDEMIA
773 0 _02711
_93168
_dCiudad Autónoma de Buenos Aires : Thomson Reuters La Ley, 1999-2002.
_tRevista de derecho del trabajo. Nº 2 - Marzo 2023
942 _2udc
_cANA